1996 All Blacks in South Africa - Starting XV and replacements - Statistics

General Stats
  • This quiz has been taken 61 times
  • The average score is 15 of 18
Answer Stats
Position Answer % Correct
2 Sean Fitzpatrick
98%
13 Frank Bunce
96%
14 Jeff Wilson
96%
9 Justin Marshall
96%
3 Olo Brown
96%
8 Zinzan Brooke
96%
5 Robin Brooke
95%
12 Walter Little
95%
4 Ian Jones
91%
7 Josh Kronfeld
91%
6 Michael Jones
89%
1 Craig Dowd
88%
11 Glen Osborne
81%
10 Simon Culhane
77%
15 Christian Cullen
75%
Replacement Jon Preston
58%
Replacement Blair Larsen
33%
Replacement Andrew Blowers
26%
No matching quizzes found
Score Distribution
Percent of People with Each Score
Percentile by Number Answered
Your Score History
You have not taken this quiz